000 00295nam a22001337a 4500
008 170204b xxu||||| |||| 00| 0 eng d
020 _a9780135129043
041 _aeng
080 _23RD
_a61
100 _a3
101 _aSHM
245 _aMEDICAL LAW AND ETHICS
_cFREMGEN, B.F
942 _2udc
_cBK
999 _c4593
_d4593